Evénements du 16 novembre - Statistiques

Statistiques générales
  • Ce quiz a été pris 34 fois
  • Le résultat moyen est 8 sur 15
Statistiques - réponses
Hint Réponse % Correct
Sortie du 1er film de la saga Harry Potter à Londres 2001
89%
Naissance de l'empereur Tibère 42 avt J.C.
89%
Morts de Fred Mella, soliste des Compagnons de la Chanson et d'Eric Morena, chanteur lyrique et Début de la pandémie de Covid-19 à Wuhan, en Chine 2019
82%
Création de l'UNESCO 1945
68%
Mort d'Henri III d'Angleterre 1272
64%
Arrestation du résistant Missak Manouchian 1943
64%
Naissance de Soeur Emmanuelle 1908
57%
Mort de Clark Gable, acteur 1960
46%
Naissance de Jean le Rond d'Alembert 1717
39%
Accident ferroviaire de Chantonnay (Vendée) - 29 morts 1957
36%
Naissance du polémiste Léon Daudet 1867
32%
Naissance de la chanteuse Corinne Hermès 1961
32%
L'Oklahoma devient le 46e état américain 1907
25%
Mariage du futur roi Charles X et de Marie-Thérèse de Savoie 1773
14%
Mort du théoricien militaire Carl von Clausewitz 1831
14%
Aucun quiz correspondant
Distribution des résultats
% des personnes avec chaque résultat
Percentile par nombre de réponses
Votre historique - résultats
Vous n’avez pas pris ce quiz